[Event "Pilsen Region-chT 2223"]
[Site "Czech Republic"]
[Date "2023.02.26"]
[Round "9.8"]
[White "Pozar, Pavel"]
[Black "Danek, Vaclav"]
[Result "0-1"]
[WhiteElo "1248"]
[BlackElo "1843"]
[PlyCount "84"]
[EventDate "2022.10.09"]
[EventType "team-tourn"]
[EventRounds "11"]
[EventCountry "CZE"]
[SourceTitle "EXT 2024"]
[Source "ChessBase"]
[SourceDate "2023.10.10"]
[SourceVersion "1"]
[SourceVersionDate "2023.10.10"]
[SourceQuality "1"]
[WhiteTeam "Klatovy II"]
[BlackTeam "Loko"]
[WhiteTeamCountry "CZE"]
[BlackTeamCountry "CZE"]

1. e4 e5 2. Bc4 Nf6 3. d3 Be7 4. Nf3 d6 5. c3 0-0 6. Nbd2 c6 7. b4 a5 8. Ba3 b5 9. Bb3 axb4 10. Bb2 bxc3 11. Bxc3 c5 12. Nf1 h6 13. g4 Bxg4 14. h3 Bh5 15. Ng3 Bg6 16. a4 bxa4 17. Rxa4 Rxa4 18. Bxa4 Nh5 19. Nxe5 Nxg3 20. Nxg6 fxg6 21. fxg3 Bf6 22. Qb3+ Kh7 23. Bxf6 Qxf6 24. Qc2 Qf3 25. Rg1 Qe3+ 26. Qe2 Qxg1+ 27. Kd2 Rf2 28. Bd1 Nc6 29. Kc3 Rxe2 30. Bxe2 Qe1+ 31. Kc4 Qxe2 32. Kd5 Nb4+ 33. Kxd6 Nxd3 34. Kd5 Qe3 35. g4 Qd4+ 36. Kc6 Qxe4+ 37. Kb5 c4 38. h4 c3 39. g5 c2 40. gxh6 c1R 41. hxg7 Qb4+ 42. Ka6 Ra1# 0-1

[Event "Klatovy op-B 23rd"]
[Site "Klatovy"]
[Date "2017.07.09"]
[Round "9"]
[White "Pozar, Pavel"]
[Black "Veverkova, Dorota"]
[Result "0-1"]
[WhiteElo "1000"]
[BlackElo "1240"]
[PlyCount "48"]
[EventDate "2017.07.01"]
[EventType "swiss"]
[EventRounds "9"]
[EventCountry "CZE"]
[SourceTitle "EXT 2018"]
[Source "ChessBase"]
[SourceDate "2017.10.13"]
[SourceVersion "1"]
[SourceVersionDate "2017.10.13"]
[SourceQuality "1"]

1. Nf3 Nc6 2. g3 e5 3. d3 d5 4. Bg2 Nf6 5. Bg5 Bc5 6. e3 Bf5 7. Bxf6 Qxf6 8. d4 exd4 9. c3 dxe3 10. Qxd5 exf2+ 11. Kf1 Bb6 12. c4 Rd8 13. c5 Rxd5 14. cxb6 axb6 15. Kxf2 Qxb2+ 16. Nbd2 0-0 17. Rab1 Qxa2 18. Bf1 Rxd2+ 19. Nxd2 Qxd2+ 20. Be2 Re8 21. Rhe1 Nd4 22. g4 Nxe2 23. Kf3 g5 24. h4 Re3+ 0-1

[Event "Klatovy op-B 23rd"]
[Site "Klatovy"]
[Date "2017.07.04"]
[Round "4"]
[White "Palla, Ivan"]
[Black "Pozar, Pavel"]
[Result "1-0"]
[WhiteElo "1552"]
[BlackElo "1000"]
[PlyCount "42"]
[EventDate "2017.07.01"]
[EventType "swiss"]
[EventRounds "9"]
[EventCountry "CZE"]
[SourceTitle "EXT 2018"]
[Source "ChessBase"]
[SourceDate "2017.10.13"]
[SourceVersion "1"]
[SourceVersionDate "2017.10.13"]
[SourceQuality "1"]

1. Nf3 e6 2. g3 b6 3. Bg2 c6 4. 0-0 Bd6 5. b3 f5 6. Bb2 Nf6 7. e3 Nh5 8. Na3 e5 9. Nc4 Qf6 10. Nxd6+ Qxd6 11. Bxe5 Qg6 12. Bb2 Ba6 13. Re1 c5 14. Ne5 Qg5 15. Bxa8 f4 16. Qg4 Qh6 17. exf4 d6 18. Nc6+ Kf7 19. Nxb8 Rxb8 20. Qd7+ Kf8 21. Bd5 Bc8 1-0

[Event "Klatovy op-B 23rd"]
[Site "Klatovy"]
[Date "2017.07.01"]
[Round "1"]
[White "Pozar, Pavel"]
[Black "Stross, Frantisek"]
[Result "0-1"]
[WhiteElo "1000"]
[BlackElo "1631"]
[PlyCount "38"]
[EventDate "2017.07.01"]
[EventType "swiss"]
[EventRounds "9"]
[EventCountry "CZE"]
[SourceTitle "EXT 2018"]
[Source "ChessBase"]
[SourceDate "2017.10.13"]
[SourceVersion "1"]
[SourceVersionDate "2017.10.13"]
[SourceQuality "1"]

1. e4 e5 2. Bc4 Nf6 3. d4 exd4 4. Bg5 Nc6 5. Bxf6 Qxf6 6. c3 Bc5 7. Bb5 dxc3 8. Nh3 cxb2 9. Bxc6 bxc6 10. e5 Qxe5+ 11. Kf1 bxa1Q 12. f4 Qe4 13. g3 Qxh1+ 14. Ke2 Qxd1+ 15. Kxd1 Qxb1+ 16. Ke2 Ba6+ 17. Kf3 Qd1+ 18. Ke4 Bd3+ 19. Ke5 Qe2# 0-1